| 000 | 00596nam a22001817a 4500 | ||
|---|---|---|---|
| 008 | 160715b xxu||||| |||| 00| 0 eng d | ||
| 020 | _a9715503756 | ||
| 082 |
_22001 _aDFil 303.484 _bB66 |
||
| 100 |
_911417 _aBoudreau, Vincent |
||
| 245 |
_aGrass roots and cadre in the protest movement/ _cVincent Boudreau |
||
| 260 |
_aQuezon City: _bADMU Press, _cc2001. |
||
| 300 |
_avii, 247 pages: _c23 cm. |
||
| 500 | _aIncludes references and index. | ||
| 650 | 0 |
_911418 _aProtest _xMovements _zPhilippines |
|
| 650 | 0 |
_911419 _aSocial movements _zPhilippines |
|
| 365 |
_b423.50 _cPhp. |
||
| 942 |
_2ddc _cDFIL |
||
| 999 |
_c3422 _d3422 |
||